| 000 | 00872nam a2200253 a 4500 | ||
|---|---|---|---|
| 001 | 000039454 | ||
| 003 | DO-SdBNP | ||
| 005 | 20240318114638.0 | ||
| 007 | ta | ||
| 008 | 130628e1988 dr ad gr 001 e spa d | ||
| 040 |
_aDO-SdBNP _bspa _cBNPHU |
||
| 082 | 4 |
_222 _bB142g |
|
| 100 | 1 |
_aBáez, Clara _99467 |
|
| 245 | 1 | 0 |
_aGuía de población de la República Dominicana / _cClara Báez ; editor, Santiago Hirujo ; prólogo, Magaly Caram de Álvarez. |
| 260 |
_aSanto Domingo : _bPROFAMILIA, _c1988 |
||
| 300 |
_a193 P. : _bil., graf. ; _c24 cm |
||
| 500 | _aIncluye bibliografía y notas al pie de páginas | ||
| 500 | _aIncluye anexos | ||
| 590 | _aInventariado 2023 / MF | ||
| 700 | 1 |
_aHirujo, Santiago, _eed. _956329 |
|
| 700 | 1 |
_aCaram de Álvarez, Magaly, _epról. _954586 |
|
| 710 | 2 |
_aAsociación Dominicana Pro Bienestar de la Familia _956602 |
|
| 942 |
_2ddc _cLBS1 |
||
| 999 |
_c38944 _d38944 |
||